| 000 | 00866nam a22001577a 4500 | ||
|---|---|---|---|
| 003 | OSt | ||
| 005 | 20151231141311.0 | ||
| 008 | 151231b xxu||||| |||| 00| 0 eng d | ||
| 040 | _cRUA | ||
| 082 | _aLMA THO 2006 B293 Or.1 | ||
| 100 |
_95857 _aTHO, RATHA. |
||
| 245 | _aThe public display of the adjudication document systematic land registration in ou dambang muoy commune, sangkae district, battambang province, ការបិទផ្សាយជាសាធារណៈនូវឯកសារ នៃការវិនិច្ឆ័យក្នុងការចុះបញ្ជីដីធ្លីមានលក្ខណ/ជាប្រព័ន្ធ នៅឃុំអូរដំបង ១ ស្រុកសង្កែ ខេត្តបាត់ដំបង | ||
| 260 |
_aPhnom Penh _bRUA _c2006 |
||
| 300 |
_axi; 47p. _bill. _c29cm. |
||
| 942 |
_2ddc _cLMA |
||
| 999 |
_c5456 _d5456 |
||